Možnosti aktívneho zapájania verejnosti do procesu zostavovania Programu hospodárskeho a sociálneho rozvoja obce
Prezentácia vzájomných súvislostí strategického plánovania na úrovni mesta resp. obce a možnosti uplatnenia rôznych metód účasti verejnosti na tvorbe programu hospodárskeho a sociálneho rozvoja obce. Postavenie verejnosti v procese strategického plánovania. Výhody zapojenia verejnosti. Nevýhody zapo...
Enregistré dans:
| Auteur principal: | |
|---|---|
| Format: | Chapitre de livre |
| Langue: | slovaque |
| Sujets: | |
| Tags: |
Pas de tags, Soyez le premier à ajouter un tag!
|
MARC
| LEADER | 00000nla$a2200000$$$4500 | ||
|---|---|---|---|
| 001 | 0145341 | ||
| 005 | 20221103133947.5 | ||
| 041 | 0 | |a slo | |
| 044 | |a SK | ||
| 245 | 1 | 0 | |a Možnosti aktívneho zapájania verejnosti do procesu zostavovania Programu hospodárskeho a sociálneho rozvoja obce |c Zuzana Hrabovská |
| 520 | |a Prezentácia vzájomných súvislostí strategického plánovania na úrovni mesta resp. obce a možnosti uplatnenia rôznych metód účasti verejnosti na tvorbe programu hospodárskeho a sociálneho rozvoja obce. Postavenie verejnosti v procese strategického plánovania. Výhody zapojenia verejnosti. Nevýhody zapojenia verejnosti. Metódy zapájania verejnosti do procesu strategického plánovania. Význam zapojenia verejnosti do prípravy programu hospodárskeho a sociálneho programu obce. | ||
| 610 | 2 | 0 | |a obce |
| 610 | 2 | 0 | |a rozvoj sociálno-ekonomický |
| 610 | 2 | 0 | |a plánovanie strategické |
| 610 | 2 | 0 | |a občania |
| 610 | 2 | 0 | |a správa verejná |
| 100 | 1 | |a Hrabovská, Zuzana | |